[Event "22nd ch-EUR Indiv 2022"]
[Site "Terme Catez SLO"]
[Date "2022.03.27"]
[Round "1.133"]
[White "Chennaoui, Yasin"]
[Black "Kjartansson, Gudmundur"]
[Result "0-1"]
[BlackTitle "GM"]
[WhiteElo "2015"]
[BlackElo "2450"]
[WhiteFideId "1330667"]
[BlackFideId "2301318"]
[EventDate "2022.03.27"]

1. Nf3 d5 2. d3 c5 3. Nbd2 Nc6 4. e4 Nf6 5. Be2 g6 6. O-O Bg7 7. c3 O-O 8. Re1
Qc7 9. Bf1 e5 10. a3 a5 11. a4 h6 12. Qc2 Rd8 13. b3 Be6 14. Ba3 b6 15. Rad1
Rac8 16. g3 d4 17. cxd4 cxd4 18. Rc1 Bf8 19. Bxf8 Rxf8 20. Nc4 Nd7 21. h4 f6 22.
h5 g5 23. Nfd2 Bg4 24. Na3 Nc5 25. Nb5 Qe7 26. Nc4 Nb4 27. Qb1 Rc6 28. Nca3 Bxh5
29. Nc2 Bf7 30. Ncxd4 exd4 31. Nxd4 Rd8 32. Nxc6 Nxc6 33. d4 Nxd4 34. Bg2 Ncxb3
35. Rcd1 Qe5 36. Re3 Rc8 37. Bf1 Kg7 38. Ba6 Rc7 39. Qd3 Bh5 40. Rb1 Nc5 41. f4
Nxd3 42. fxe5 Nxe5 43. Rxb6 Rc1+ 44. Bf1 Be2 45. Rb7+ Kg6 46. Rxe2 Nxe2+ 47. Kf2
Nxg3 48. Bb5 Nxe4+ 49. Ke3 Nd6 50. Rb8 Nxb5 51. axb5 Rb1 52. b6 Rxb6 53. Rxb6
Nc4+ 54. Ke4 Nxb6 55. Kd4 h5 56. Ke4 a4 57. Kd4 h4 58. Ke4 a3 59. Kd4 a2 60. Ke4
a1=Q 0-1

[Event "22nd ch-EUR Indiv 2022"]
[Site "Terme Catez SLO"]
[Date "2022.03.27"]
[Round "1.134"]
[White "Parkhov, Yair"]
[Black "Franc, Borna"]
[Result "1/2-1/2"]
[WhiteTitle "IM"]
[WhiteElo "2450"]
[BlackElo "2013"]
[WhiteFideId "2813408"]
[BlackFideId "14555948"]
[EventDate "2022.03.27"]

1. d4 d5 2. c4 e6 3. Nf3 Nf6 4. g3 Be7 5. Bg2 O-O 6. O-O c6 7. Qc2 b6 8. Nbd2
Bb7 9. e4 dxe4 10. Nxe4 Nxe4 11. Qxe4 Nd7 12. Rd1 Nf6 13. Qc2 Qc8 14. c5 Rd8 15.
Bf4 Nd5 16. Bg5 Qc7 17. Bxe7 Qxe7 18. a3 bxc5 19. dxc5 a5 20. Rac1 Ba6 21. h4 h6
22. Ne5 Qc7 23. Re1 Rab8 24. Rcd1 Ne7 25. Bh3 Bc8 26. Rxd8+ Qxd8 27. Bg2 Qc7 28.
Nc4 Nd5 29. Qd2 a4 30. Qc2 Ba6 31. Nd6 Rb3 32. Rd1 Qe7 33. Ne4 Qc7 34. Qd2 Qe5
35. Qd4 Qxd4 36. Rxd4 Bb5 37. Rd2 g6 38. Nd6 Kg7 39. Be4 Ba6 40. Kg2 f5 41. Bb1
Kf6 42. Ba2 Rb8 43. Kg1 g5 44. h5 g4 45. Kg2 Kg5 46. f4+ gxf3+ 47. Kxf3 Bf1 48.
Kf2 Ba6 49. Kf3 Bf1 50. Bxd5 exd5 51. Ke3 Rb3+ 52. Kf2 Bd3 53. Nf7+ Kf6 54. Nd8
Bb5 55. Nb7 Bc4 56. Na5 Rb5 57. Nxc6 Rxc5 58. Nd4 Rc8 59. Nc2 Kg5 60. Ne3 Kxh5
61. Nxd5 Bxd5 62. Rxd5 Rc2+ 63. Kf3 Rxb2 64. g4+ Kg6 65. gxf5+ Kg5 66. Ra5 Rb3+
67. Ke4 Rxa3 68. Ra6 Ra1 69. Rg6+ Kh5 70. Rg2 a3 71. Kf4 Rf1+ 72. Ke5 Ra1 73. f6
a2 74. Re2 Kg6 75. Ke6 Rg1 1/2-1/2

[Event "22nd ch-EUR Indiv 2022"]
[Site "Terme Catez SLO"]
[Date "2022.03.27"]
[Round "1.135"]
[White "Babrauskas, Darius"]
[Black "Gokerkan, Cem Kaan"]
[Result "0-1"]
[BlackTitle "IM"]
[WhiteElo "2003"]
[BlackElo "2445"]
[WhiteFideId "12805602"]
[BlackFideId "6336760"]
[EventDate "2022.03.27"]

1. e4 c5 2. Nf3 d6 3. d4 cxd4 4. Nxd4 Nf6 5. Nc3 a6 6. Nb3 g6 7. Be2 Bg7 8. g4
h5 9. gxh5 Nxh5 10. Be3 Bxc3+ 11. bxc3 Qc7 12. Qd2 Nf6 13. f3 Be6 14. c4 Nbd7
15. Qb4 Rc8 16. Nd2 Ne5 17. Rb1 Nxc4 18. Bxc4 Bxc4 19. Qxb7 O-O 20. Qxc7 Rxc7
21. Rb2 Rfc8 22. Kf2 Nd7 23. Rc1 f6 24. a4 Kf7 25. Rcb1 Be6 26. Rb7 Rxc2 27. Ra7
Rh8 28. Kg1 Rb8 29. Rxb8 Nxb8 30. Rb7 Nd7 31. a5 Ra2 32. Nc4 g5 33. f4 gxf4 34.
Bxf4 Bh3 35. Ne3 Nc5 36. Rb1 Nxe4 37. Re1 e5 38. Bg3 Ke6 39. Bh4 f5 40. Rd1 Rxa5 0-1

[Event "22nd ch-EUR Indiv 2022"]
[Site "Terme Catez SLO"]
[Date "2022.03.27"]
[Round "1.136"]
[White "Gorshtein, Ido"]
[Black "Javornik, Nik"]
[Result "1-0"]
[WhiteTitle "IM"]
[WhiteElo "2445"]
[BlackElo "2002"]
[WhiteFideId "2815532"]
[BlackFideId "14636549"]
[EventDate "2022.03.27"]

1. Nf3 Nf6 2. c4 g6 3. Nc3 Bg7 4. e4 d6 5. d4 O-O 6. h3 e5 7. d5 a5 8. Be3 Na6
9. Nd2 Nd7 10. g4 Ndc5 11. Rg1 c6 12. Be2 cxd5 13. cxd5 Bd7 14. a4 Qc7 15. Rc1
Rac8 16. Nc4 Nb4 17. b3 Kh8 18. Kf1 f5 19. gxf5 gxf5 20. exf5 Bxf5 21. Nb5 Qd7
22. Nbxd6 Ncd3 23. Bg4 Bxg4 24. Qxg4 Qxg4 25. Rxg4 Nxc1 26. Nxc8 Rxc8 27. Bxc1
Nxd5 28. Bb2 Rf8 29. Rg3 h6 30. Nxe5 Kh7 31. Rxg7+ Kxg7 32. Nd7+ Kf7 33. Nxf8
Kxf8 34. Bc1 Kg7 35. Bd2 b6 36. Ke2 h5 37. Kd3 Kf6 38. Kd4 Ke6 39. f4 Nf6 40.
Be3 Kf5 41. Kc4 Nd7 42. Kd5 h4 43. Kc6 Nc5 44. Bxc5 bxc5 45. Kxc5 Kxf4 46. b4
axb4 47. Kxb4 Kg3 48. a5 Kxh3 49. a6 Kg2 50. a7 h3 51. a8=Q+ Kg1 52. Qa1+ Kg2
53. Qb2+ Kg1 54. Qd4+ Kh1 55. Qf2 1-0

[Event "22nd ch-EUR Indiv 2022"]
[Site "Terme Catez SLO"]
[Date "2022.03.27"]
[Round "1.137"]
[White "Varney, Zoe"]
[Black "Stella, Andrea"]
[Result "1/2-1/2"]
[WhiteTitle "WCM"]
[BlackTitle "GM"]
[WhiteElo "1998"]
[BlackElo "2444"]
[WhiteFideId "436135"]
[BlackFideId "827061"]
[EventDate "2022.03.27"]

1. e4 e5 2. Nf3 Nc6 3. Bc4 Bc5 4. c3 Nf6 5. d3 d6 6. O-O a5 7. a4 h6 8. h3 g5 9.
d4 Ba7 10. dxe5 Nxe5 11. Nxe5 dxe5 12. Qb3 Qe7 13. Be3 Nxe4 14. Qb5+ Kf8 15.
Qxa5 Nd6 16. Ba2 Kg7 17. Re1 Bxe3 18. Qxa8 Bb6 19. a5 Bd7 20. Qxh8+ Kxh8 21.
axb6 cxb6 22. Nd2 Bc6 23. Nc4 Nxc4 24. Bxc4 Kg7 25. Rad1 Qc5 26. Bd3 b5 27. Be4
h5 28. Rd3 g4 29. hxg4 hxg4 30. Rde3 f6 31. Bxc6 bxc6 32. Re4 Qd5 33. Rxg4+ Kf7
34. Rge4 Qd2 35. R4e2 Qd3 36. Re3 Qd2 37. R1e2 Qd1+ 38. Kh2 Qb3 39. Rd2 c5 40.
Red3 Kg6 41. Rg3+ Kf5 42. Rf3+ Ke6 43. Re3 Kf7 44. Re4 Kg6 45. g3 Kf5 46. Rh4
Qa2 47. f3 Qa1 48. Re4 Qf1 49. Re3 Kg5 50. b3 Kg6 51. Rg2 Qd1 52. b4 Qc1 53.
Rge2 cxb4 54. cxb4 Qf1 55. Rg2 Qc1 56. Re4 Qh6+ 57. Kg1 Qc1+ 58. Kh2 Qh6+ 59.
Kg1 Qc1+ 60. Kh2 1/2-1/2

[Event "22nd ch-EUR Indiv 2022"]
[Site "Terme Catez SLO"]
[Date "2022.03.27"]
[Round "1.139"]
[White "Ghita, Vlad-Bogdan"]
[Black "Tutisani, Noe"]
[Result "0-1"]
[BlackTitle "IM"]
[WhiteElo "1981"]
[BlackElo "2442"]
[WhiteFideId "1222198"]
[BlackFideId "13602853"]
[EventDate "2022.03.27"]

1. e4 c5 2. Nf3 e6 3. d4 cxd4 4. Nxd4 Nc6 5. Nc3 Qc7 6. g3 a6 7. Bg2 Bc5 8. Nb3
Be7 9. O-O Nf6 10. Re1 d6 11. f4 O-O 12. Be3 Bd7 13. Qe2 b5 14. a3 h6 15. Rad1
Rac8 16. Rd2 b4 17. axb4 Nxb4 18. Red1 Bc6 19. h3 Rfe8 20. Qf2 Rb8 21. Nd4 Ba8
22. g4 Nd7 23. h4 Nb6 24. Re2 Bf8 25. h5 Nc4 26. Bc1 e5 27. Nf5 d5 28. Qg3 exf4
29. Bxf4 Qc5+ 30. Kh1 Rbc8 31. Na4 Qa5 32. b3 dxe4 33. bxc4 Qxa4 34. g5 hxg5 35.
Qxg5 Re6 36. Bh3 Nd3 37. Rg1 e3+ 38. Kh2 Nxf4 39. Nxg7 Rg6 40. hxg6 Nxg6 41.
Bxc8 Bd6+ 42. Kh3 Qxc4 43. Qg4 Qxe2 44. Qxe2 Nf4+ 45. Kh4 Nxe2 0-1

[Event "22nd ch-EUR Indiv 2022"]
[Site "Terme Catez SLO"]
[Date "2022.03.27"]
[Round "1.140"]
[White "Sanikidze, Tornike"]
[Black "Spacapan, Simon"]
[Result "1-0"]
[WhiteTitle "GM"]
[WhiteElo "2439"]
[BlackElo "1966"]
[WhiteFideId "13602608"]
[BlackFideId "14612461"]
[EventDate "2022.03.27"]

1. Nf3 d5 2. c4 c6 3. g3 Nf6 4. Bg2 dxc4 5. O-O Nbd7 6. Qc2 e5 7. Qxc4 Bd6 8. d3
O-O 9. Nc3 Nb6 10. Qb3 Be6 11. Qc2 Qe7 12. Ng5 Bf5 13. Nge4 Nxe4 14. Nxe4 Bc7
15. Bg5 f6 16. Bd2 Nd5 17. Qb3 Bb6 18. Nc3 Be6 19. Nxd5 Qf7 20. Bb4 Rfe8 21.
Nxf6+ gxf6 22. Qa3 Rad8 23. Ba5 Bxa5 24. Qxa5 a6 25. f4 Qd7 26. fxe5 Qd4+ 27.
Kh1 fxe5 28. Qd2 Bd5 29. Qg5+ Kh8 30. Qf6+ Kg8 31. Rf5 1-0

[Event "22nd ch-EUR Indiv 2022"]
[Site "Terme Catez SLO"]
[Date "2022.03.27"]
[Round "1.141"]
[White "Valiyev, Shahin"]
[Black "Ibrahimli, Murad"]
[Result "0-1"]
[BlackTitle "IM"]
[WhiteElo "1961"]
[BlackElo "2432"]
[WhiteFideId "13424203"]
[BlackFideId "13410229"]
[EventDate "2022.03.27"]

1. e4 e5 2. Nf3 Nc6 3. Bb5 a6 4. Ba4 Nf6 5. O-O Be7 6. Re1 b5 7. Bb3 d6 8. c3
O-O 9. h3 Nb8 10. d4 Nbd7 11. c4 c6 12. Nc3 b4 13. Na4 c5 14. d5 h6 15. Bc2 Nh7
16. b3 Ng5 17. Nxg5 Bxg5 18. a3 a5 19. Qe2 Bxc1 20. Rexc1 Qg5 21. Qe3 Qxe3 22.
fxe3 h5 23. Ra2 Ra6 24. axb4 axb4 25. Rca1 Bb7 26. Nb2 Rxa2 27. Rxa2 Rb8 28. Ra7
Kf8 29. Nd3 Ke7 30. Ne1 Nf6 31. Nf3 Ne8 32. Ng5 Nc7 33. Bd1 g6 34. g4 f6 35. Nf3
hxg4 36. hxg4 g5 37. Nd2 Na6 38. Nf1 Kd7 39. Ng3 Kc7 40. Nf5 Kb6 41. Rxb7+ Kxb7
42. Nxd6+ Kc7 43. Nf5 Kd7 44. Kf2 Ra8 45. Ng7 Nb8 46. Ne6 Ra2+ 47. Ke1 Kd6 48.
Be2 Nd7 49. Bd1 Nb6 50. Nd8 Ra7 51. Ne6 Nc8 52. Nd8 Rh7 53. Be2 Rd7 54. Ne6 Ne7
55. Ng7 Ng6 56. Nf5+ Kc7 57. Bd1 Rh7 58. Ng3 Rh3 59. Nf1 Rh8 60. Kd2 Kd7 61. Be2
Ra8 62. Bd1 Ra2+ 63. Ke1 Nh4 64. Nd2 Ng2+ 65. Ke2 Rb2 66. Kd3 Ne1+ 67. Ke2 Nf3
68. Kxf3 Rxd2 69. Be2 Kd6 70. Kf2 Rb2 0-1

[Event "22nd ch-EUR Indiv 2022"]
[Site "Terme Catez SLO"]
[Date "2022.03.27"]
[Round "1.142"]
[White "Sahidi, Samir"]
[Black "Arsenie, Cristian Marc"]
[Result "1-0"]
[WhiteTitle "IM"]
[WhiteElo "2432"]
[BlackElo "1952"]
[WhiteFideId "14936372"]
[BlackFideId "1345923"]
[EventDate "2022.03.27"]

1. d4 Nf6 2. c4 e6 3. Nc3 Bb4 4. Qc2 d5 5. cxd5 Qxd5 6. Nf3 Qf5 7. Qb3 Nc6 8.
Bd2 a5 9. a3 a4 10. Qd1 Bxc3 11. Bxc3 Ne4 12. e3 Nxc3 13. bxc3 e5 14. Rb1 O-O
15. Be2 e4 16. Nd2 Qg6 17. Kf1 f5 18. g3 f4 19. exf4 Bh3+ 20. Ke1 Qh6 21. Nf1
Bg2 22. Rg1 Bxf1 23. Rxf1 Qxh2 24. Rxb7 e3 25. Qd3 Na5 26. Rb5 exf2+ 27. Rxf2
Qh1+ 28. Rf1 Qc6 29. Bf3 Rae8+ 30. Kf2 Qa6 31. Rd1 Qa7 32. Bd5+ Kh8 33. Rh1 h6
34. Qg6 1-0

[Event "22nd ch-EUR Indiv 2022"]
[Site "Terme Catez SLO"]
[Date "2022.03.27"]
[Round "1.143"]
[White "Borisek, Anze"]
[Black "Sousa, Andre Ventura"]
[Result "0-1"]
[BlackTitle "IM"]
[WhiteElo "1905"]
[BlackElo "2429"]
[WhiteFideId "14608693"]
[BlackFideId "1917617"]
[EventDate "2022.03.27"]

1. f4 d5 2. b3 Nf6 3. Nf3 g6 4. e3 Bg7 5. Bb2 c5 6. Bb5+ Bd7 7. Bxd7+ Qxd7 8.
O-O O-O 9. Qe1 Nc6 10. Ne5 Qf5 11. Nxc6 bxc6 12. d3 c4 13. Qe2 cxd3 14. cxd3 a5
15. Nc3 Nd7 16. Na4 Bxb2 17. Nxb2 Qf6 18. Rac1 Rfc8 19. Rc2 Nb6 20. Qg4 h5 21.
Qh3 e6 22. g4 hxg4 23. Qxg4 a4 24. Nxa4 Nxa4 25. bxa4 Rxa4 26. Rfc1 Ra3 27. Qe2
Qf5 28. Rc3 Rca8 29. Rxc6 Rxd3 30. Rc8+ Rxc8 31. Rxc8+ Kh7 32. Rc7 Ra3 33. Qb2
Rxe3 34. Qf2 Qg4+ 0-1

[Event "22nd ch-EUR Indiv 2022"]
[Site "Terme Catez SLO"]
[Date "2022.03.27"]
[Round "1.144"]
[White "Murphy, Conor E"]
[Black "Franco, Alessandro P."]
[Result "1-0"]
[WhiteTitle "IM"]
[WhiteElo "2427"]
[BlackElo "1848"]
[WhiteFideId "421669"]
[BlackFideId "865923"]
[EventDate "2022.03.27"]

1. d4 Nf6 2. Bg5 g6 3. Bxf6 exf6 4. e3 Bg7 5. g3 O-O 6. Bg2 d5 7. Ne2 c6 8. O-O
f5 9. Nd2 Nd7 10. c4 Nf6 11. Nf4 Be6 12. b4 Ne4 13. Rc1 a6 14. Nb3 b6 15. a4 Qd7
16. cxd5 Bxd5 17. a5 Rab8 18. axb6 Bxb3 19. Qxb3 Nd2 20. Qa4 Nxf1 21. Bxc6 Qd6
22. Kxf1 Rxb6 23. Nd5 Rbb8 24. Qxa6 f4 25. gxf4 Qe6 26. Qe2 Rfd8 27. Qf3 Rd6 28.
b5 Rc8 29. Nb6 Rc7 30. d5 Qf6 31. Nc4 Ra7 32. Kg2 Rd8 33. b6 Ra1 34. Rxa1 Qxa1
35. d6 Bf8 36. Qd5 Qa2 37. b7 Qb3 38. d7 Be7 39. Bb5 Bf6 40. h3 h5 41. Qc6 Kg7
42. Nd6 Qa2 43. Ne8+ 1-0

[Event "22nd ch-EUR Indiv 2022"]
[Site "Terme Catez SLO"]
[Date "2022.03.27"]
[Round "1.145"]
[White "Kovalskyi, Roman"]
[Black "Haring, Filip"]
[Result "0-1"]
[BlackTitle "FM"]
[WhiteElo "1807"]
[BlackElo "2425"]
[WhiteFideId "14184214"]
[BlackFideId "14933080"]
[EventDate "2022.03.27"]

1. e4 c5 2. b3 Nc6 3. Bb2 d6 4. Nc3 Nf6 5. f4 Bg4 6. Be2 h5 7. Nf3 e6 8. d3 Be7
9. Qd2 d5 10. h3 Bxf3 11. gxf3 h4 12. Rg1 Nh5 13. Rg4 f5 14. Rg6 Kf7 15. Rg2 Bd6
16. e5 Bf8 17. Bf1 Nd4 18. O-O-O g6 19. Na4 b5 20. Bxd4 cxd4 21. Nb2 a5 22. Qf2
a4 23. bxa4 Qc7 24. Rd2 Qc3 25. Kb1 Rxa4 26. Nxa4 bxa4 27. Kc1 Qa1# 0-1

[Event "22nd ch-EUR Indiv 2022"]
[Site "Terme Catez SLO"]
[Date "2022.03.27"]
[Round "1.146"]
[White "Stoyanov, Tsvetan"]
[Black "Lauda, Alexandr"]
[Result "1-0"]
[WhiteTitle "IM"]
[WhiteElo "2424"]
[BlackElo "1789"]
[WhiteFideId "2917173"]
[BlackFideId "13903179"]
[EventDate "2022.03.27"]

1. c4 Nf6 2. Nc3 g6 3. e4 d6 4. Nge2 Bg7 5. g3 a6 6. Bg2 Nc6 7. d4 O-O 8. O-O e5
9. d5 Na5 10. Qd3 c5 11. f4 b5 12. fxe5 Ng4 13. exd6 Nxc4 14. h3 Nge5 15. Qc2
Nxd6 16. Be3 c4 17. Nd4 Bd7 18. Nce2 Rc8 19. Nf4 Qe7 20. a3 h5 21. Kh1 Kh7 22.
Rae1 a5 23. Bd2 c3 24. bxc3 Ndc4 25. Bc1 Nxa3 26. Qb3 Nac4 27. Qd1 Rh8 28. Nf5
gxf5 29. exf5 Kg8 30. Nxh5 Qd6 31. f6 Bh6 32. g4 Bxc1 33. Qxc1 Kf8 34. Qg5 Ke8
35. Ng7+ Kd8 36. Nf5 Bxf5 37. Rxf5 Kc7 38. Bf1 Rcg8 39. Qf4 Rxg4 40. Qf2 Qxd5+
41. Kh2 Kb7 42. Bxc4 Nf3+ 43. Qxf3 Qxf3 44. Re7+ Kb6 45. Rxf3 Rxc4 46. Rxf7 a4
47. Re7 a3 48. f7 a2 49. Re6+ Rc6 50. Re1 Rf8 51. Ra1 Rc7 52. Rxa2 Rcxf7 53. Re3
Kc5 54. Rb2 Rf5 55. Rb4 Rf3 56. Rbe4 Rf2+ 57. Kg3 Rf1 58. Rg4 Rg1+ 59. Kh2 Rc1
60. h4 Rff1 61. Kg3 Rf5 62. Kg2 Rc2+ 63. Kh3 Rf1 64. Rg5+ Kc4 65. Kg4 Rf6 66.
Kh5 Rh2 67. Rg4+ Kc5 68. Re5+ Kc6 69. Kg5 Rf8 70. h5 Rg8+ 71. Kf4 Rf8+ 72. Kg3
Rc2 73. Rg6+ Kd7 74. Rc5 Rf1 75. Kh4 Rh2+ 76. Kg5 Rf3 77. Kh6 Rf8 78. Kg7 Rf3
79. h6 Rfh3 80. Rcc6 Rh5 81. Rcf6 R2h3 82. Kg8 Ke7 83. Rf7+ Ke8 84. Re6+ Kd8 85.
Kf8 1-0

[Event "22nd ch-EUR Indiv 2022"]
[Site "Terme Catez SLO"]
[Date "2022.03.27"]
[Round "1.147"]
[White "Kodric, Gasper"]
[Black "Kramer, Julian"]
[Result "0-1"]
[BlackTitle "IM"]
[WhiteElo "1787"]
[BlackElo "2423"]
[WhiteFideId "14625814"]
[BlackFideId "12921742"]
[EventDate "2022.03.27"]

1. c4 g6 2. g3 c5 3. Nf3 Bg7 4. Bg2 Nc6 5. Nc3 d6 6. O-O Qd7 7. Rb1 b6 8. a3 Bb7
9. d3 Bxc3 10. bxc3 O-O-O 11. Qa4 f6 12. Qb5 e5 13. a4 Nge7 14. Nd2 Na5 15.
Qxd7+ Kxd7 16. Rd1 Bxg2 17. Kxg2 g5 18. Nf1 e4 19. Ne3 exd3 20. exd3 Kc6 21. Re1
Rde8 22. Bd2 h5 23. h3 Kd7 24. Nd5 Nxd5 25. cxd5 c4 26. dxc4 Nxc4 27. Be3 Rh7
28. Bd4 Rxe1 29. Rxe1 Re7 30. Rb1 Rf7 31. Re1 f5 32. Re6 a5 33. Rg6 g4 34. Rh6
Kc7 35. hxg4 hxg4 36. Rh1 Re7 37. Ra1 Kb7 38. Kf1 Nd2+ 39. Kg2 Nb3 40. Rb1 Nxd4
41. cxd4 Rc7 42. Rh1 Rc4 43. Rh7+ Ka6 44. Rd7 Rxa4 45. Rxd6 Rxd4 46. Rd8 Kb5 47.
d6 Kc6 0-1

[Event "22nd ch-EUR Indiv 2022"]
[Site "Terme Catez SLO"]
[Date "2022.03.27"]
[Round "1.148"]
[White "Tratar, Marko"]
[Black "Linnemann, Caspar"]
[Result "1-0"]
[WhiteTitle "GM"]
[WhiteElo "2417"]
[BlackElo "1773"]
[WhiteFideId "14600684"]
[BlackFideId "16200284"]
[EventDate "2022.03.27"]

1. Nf3 c5 2. c4 Nf6 3. Nc3 g6 4. e4 d6 5. d4 cxd4 6. Nxd4 Nc6 7. Be2 Bg7 8. Be3
O-O 9. O-O a6 10. Qd2 Re8 11. f3 Bd7 12. Nc2 Ne5 13. Rfc1 Qc7 14. Nb4 Bc6 15.
Rab1 Rab8 16. b3 Rbc8 17. Nbd5 Bxd5 18. exd5 Ned7 19. Bf1 Qa5 20. Na4 Qxd2 21.
Bxd2 Nc5 22. Nb6 Rc7 23. b4 Ncd7 24. Be3 Nxb6 25. Bxb6 Rcc8 26. a4 Nd7 27. Bf2
Nf6 28. Rd1 Nd7 29. a5 Rc7 30. f4 Bh6 31. g3 Bg7 32. Rbc1 Rec8 33. Be3 f5 34. h3
Bh6 35. Kf2 Nf6 36. Bd3 Nd7 37. Ke2 Kh8 38. g4 fxg4 39. hxg4 Rf8 40. g5 Bg7 41.
Rh1 Kg8 42. Be4 Rfc8 43. Kd3 Bh8 44. Rc2 Bg7 45. Bg2 Rd8 46. Bh3 Rb8 47. Be6+
Kf8 48. Rxh7 Rd8 49. Rxg7 Kxg7 50. Bd4+ Nf6 51. gxf6+ exf6 52. Bb6 Rcc8 53. c5
dxc5 54. Bxd8 1-0

[Event "22nd ch-EUR Indiv 2022"]
[Site "Terme Catez SLO"]
[Date "2022.03.27"]
[Round "1.149"]
[White "Pasti, Zsombor"]
[Black "Ben Ari, Yannay"]
[Result "0-1"]
[BlackTitle "FM"]
[WhiteElo "1773"]
[BlackElo "2417"]
[WhiteFideId "799173"]
[BlackFideId "2815222"]
[EventDate "2022.03.27"]

1. e4 c5 2. Nf3 d6 3. d4 cxd4 4. Nxd4 Nf6 5. Nc3 a6 6. Be2 e5 7. Nb3 Be7 8. Be3
Be6 9. O-O O-O 10. Nd5 Nbd7 11. Nxe7+ Qxe7 12. Bg5 h6 13. Bxf6 Nxf6 14. Bf3 Rfc8
15. Qd2 Qc7 16. Rac1 a5 17. Rfd1 Ra6 18. Be2 Rc6 19. Nxa5 Nxe4 20. Qe1 Rb6 21.
Nb3 Ra8 22. a3 d5 23. Bd3 Nf6 24. Qe3 Rc8 25. h3 Rc6 26. Na1 d4 27. Qe2 Nd5 28.
g4 Nf4 29. Qe4 Nxh3+ 30. Kf1 Ng5 31. Qe2 Bd5 0-1

[Event "22nd ch-EUR Indiv 2022"]
[Site "Terme Catez SLO"]
[Date "2022.03.27"]
[Round "1.150"]
[White "Kilgus, Georg"]
[Black "Patt, Zafrir"]
[Result "1-0"]
[WhiteTitle "IM"]
[WhiteElo "2415"]
[BlackElo "1771"]
[WhiteFideId "1606212"]
[BlackFideId "2840170"]
[EventDate "2022.03.27"]

1. e4 c5 2. Nf3 d6 3. Bb5+ Nd7 4. Ba4 Nf6 5. O-O Nxe4 6. Re1 Nf6 7. d4 Qa5 8. c4
g6 9. Bf4 e6 10. d5 e5 11. Nxe5 Be7 12. Nxd7 Bxd7 13. Bxd6 Bxa4 14. Rxe7+ Kd8
15. Qe2 Bd7 16. Be5 1-0

[Event "22nd ch-EUR Indiv 2022"]
[Site "Terme Catez SLO"]
[Date "2022.03.27"]
[Round "1.151"]
[White "Palczert, Miklos"]
[Black "Globus, Or"]
[Result "0-1"]
[BlackTitle "FM"]
[WhiteElo "1770"]
[BlackElo "2414"]
[WhiteFideId "727938"]
[BlackFideId "2816776"]
[EventDate "2022.03.27"]

1. c4 Nf6 2. Nc3 d5 3. cxd5 Nxd5 4. g3 e5 5. Bg2 Nxc3 6. bxc3 c5 7. e3 Nc6 8.
Ba3 Be7 9. Ne2 O-O 10. O-O Qd3 11. Nc1 Qa6 12. Bb2 Be6 13. d4 cxd4 14. cxd4 Bc4
15. d5 Bxf1 16. Bxf1 Qb6 17. Nb3 Rfd8 18. Qf3 Nb4 19. Bxe5 Nxd5 20. Nd4 Bf6 21.
Bxf6 Qxf6 22. Qg2 Nxe3 23. fxe3 Rxd4 24. Rb1 Rd7 25. Rxb7 Rad8 26. Rxd7 Rxd7 27.
Qa8+ Qd8 28. Qf3 g6 29. Bc4 Rd1+ 30. Kg2 Rd2+ 31. Kg1 Qe7 32. Qf4 Kg7 33. h4 Qf6
34. Bb3 Re2 0-1

[Event "22nd ch-EUR Indiv 2022"]
[Site "Terme Catez SLO"]
[Date "2022.03.27"]
[Round "1.152"]
[White "Damjanovic, Vuk"]
[Black "Garsky, Vladyslav"]
[Result "1/2-1/2"]
[WhiteTitle "FM"]
[WhiteElo "2409"]
[BlackElo "1768"]
[WhiteFideId "980021"]
[BlackFideId "34100270"]
[EventDate "2022.03.27"]

1. Nf3 Nf6 2. c4 e6 3. Nc3 d5 4. e3 Be7 5. d4 O-O 6. Bd3 dxc4 7. Bxc4 a6 8. Bd3
b5 9. a4 b4 10. Ne4 Nbd7 11. Nxf6+ Nxf6 12. e4 Bb7 13. Qe2 c5 14. dxc5 Nd7 15.
c6 Bxc6 16. Be3 Qa5 17. O-O Nc5 18. Ne5 Bb7 19. Nc4 Qc7 20. Bxc5 Bxc5 21. a5
Rfd8 22. Rac1 Bc6 23. Qh5 Bd4 24. b3 Rac8 25. e5 g6 26. Qg5 Bc5 27. Nd6 Bxd6 28.
exd6 Qxd6 29. Bxa6 Ra8 30. Bc4 Bd5 31. Ra1 Qc7 32. a6 Bxc4 33. bxc4 Qxc4 34.
Rfc1 Qd3 35. h4 b3 36. Qf6 Qd4 37. Qxd4 Rxd4 38. Rcb1 Rb4 39. Ra3 b2 40. Ra2 Kg7
41. g3 h5 42. Kg2 Rb6 43. Rbxb2 Rxb2 44. Rxb2 Rxa6 45. Rb7 Ra2 46. Kf3 Kf6 47.
Ke3 e5 48. Kf3 Ke6 49. Ke3 f6 50. Kf3 Kf5 51. Rb5 Ra3+ 52. Kg2 Rd3 53. Ra5 g5
54. hxg5 fxg5 55. Rb5 h4 56. Rb4 hxg3 57. f3 Rd4 58. Rb8 Kf4 59. Rf8+ Ke3 60.
Rf5 g4 1/2-1/2

[Event "22nd ch-EUR Indiv 2022"]
[Site "Terme Catez SLO"]
[Date "2022.03.27"]
[Round "1.153"]
[White "Fishchuk, Vladyslav"]
[Black "Krastev, Alexander"]
[Result "0-1"]
[BlackTitle "FM"]
[WhiteElo "1760"]
[BlackElo "2409"]
[WhiteFideId "34122117"]
[BlackFideId "12989983"]
[EventDate "2022.03.27"]

1. Nf3 g6 2. c4 Bg7 3. Nc3 d6 4. d4 Bg4 5. h3 Bxf3 6. exf3 Nf6 7. Be2 O-O 8. O-O
c6 9. Be3 Nbd7 10. Qc2 e6 11. f4 d5 12. c5 Kh8 13. b4 Ng8 14. b5 Ne7 15. bxc6
bxc6 16. Rfc1 Qa5 17. Na4 Rab8 18. Bd2 Qc7 19. Qc3 Nf5 20. Be3 Nf6 21. Bd3 Nh5
22. Bxf5 exf5 23. Qd2 Qb7 24. Qc2 Qc7 25. Qd2 g5 26. Qd3 Nxf4 27. Qd2 h6 28. Nc3
Ne6 29. f3 f4 30. Bf2 Rb7 31. Rab1 Rfb8 32. Rxb7 Rxb7 33. h4 Qa5 34. hxg5 hxg5
35. Qd3 Rb2 36. Re1 Qd8 37. Re2 Rb4 38. Rxe6 fxe6 39. Qg6 Qe7 40. Ne2 Rb2 41.
Qd3 Rxa2 42. g3 Qf7 43. gxf4 gxf4 44. Kf1 Qh5 0-1

[Event "22nd ch-EUR Indiv 2022"]
[Site "Terme Catez SLO"]
[Date "2022.03.27"]
[Round "1.154"]
[White "Injac, Teodora"]
[Black "Kocharin, Timur"]
[Result "1-0"]
[WhiteTitle "WGM"]
[WhiteElo "2407"]
[BlackElo "1760"]
[WhiteFideId "932400"]
[BlackFideId "16240936"]
[EventDate "2022.03.27"]

1. Nf3 d5 2. d4 e6 3. c4 Nf6 4. g3 dxc4 5. Bg2 c5 6. O-O Nc6 7. dxc5 Qxd1 8.
Rxd1 Bxc5 9. Nbd2 c3 10. bxc3 O-O 11. Nb3 Be7 12. Bb2 Bd7 13. c4 Rfd8 14. Nfd4
Rac8 15. Nb5 a6 16. Nd6 Bxd6 17. Rxd6 Be8 18. c5 Rd7 19. Bxc6 Rxc6 20. Rxc6 bxc6
21. Bxf6 gxf6 22. Rc1 Kf8 23. Kg2 Ke7 24. Rc4 Kf8 25. Rh4 Kg7 26. Rb4 e5 27. Rb8
Kf8 28. Ra8 Rd1 29. e4 Ke7 30. Rxa6 Bd7 31. Na5 Ra1 32. Nxc6+ Bxc6 33. Rxc6 Rxa2
34. Rc7+ Kf8 35. Kf3 Ra3+ 36. Kg4 Ra2 37. Kf3 Ra3+ 38. Kg2 Ra2 39. c6 Rc2 40.
Kf3 Kg7 41. Rc8 Rc3+ 42. Kg4 Rc2 43. c7 Rc4 44. f4 exf4 45. gxf4 Rc3 46. h3 Rc1
47. h4 Rc3 48. h5 h6 49. Kf5 Rc5+ 50. e5 fxe5 51. fxe5 Rc1 52. Ke4 Rc2 53. Kd5
Rc1 54. Kd6 Rd1+ 55. Ke7 Rc1 56. Kd7 Rd1+ 57. Ke8 Rc1 58. Rd8 Rxc7 59. Rd3 Ra7
60. Rg3+ Kh7 61. Kf8 Ra5 62. Re3 Ra7 63. Rf3 Ra5 64. Rxf7+ Kh8 65. Rf5 Ra8+ 66.
Kf7 Ra7+ 67. Kg6 Ra6+ 68. Rf6 Ra8 69. Kxh6 Re8 70. e6 Kg8 71. Kg6 Kh8 72. Kf7
Rb8 73. Rh6# 1-0